00337nam a2200133Ia 4500003000400000008004100004020002300045040000800068100001600076245004900092260003700141300001400178365001100192LDD181029s9999 xx 000 0 und d a813160019xc525.00 cLDD aKarna, M.N. 0aDemocracy pluralism and conflictcM.N. Karna aJaipurbRawat Publicationsc2006 aviii, 216 b525.00